Statistics for Five Countries with the Shortest Coastline by Continent

Click here to take the quiz!

General Stats

  • This quiz has been taken 1,443 times
    (324 since last reset)
  • The average score is 21 of 30

Answer Stats

Continent Country % Correct
EuropeMonaco
88%
South AmericaGuyana
84%
South AmericaSuriname
84%
South AmericaUruguay
81%
OceaniaNauru
81%
South AmericaEcuador
80%
EuropeBosnia & Herzegovina
78%
AfricaTogo
76%
OceaniaTuvalu
76%
AsiaSingapore
75%
EuropeSlovenia
75%
North AmericaSt. Kitts and Nevis
75%
OceaniaPalau
74%
AfricaBenin
73%
North AmericaSaint Lucia
73%
North AmericaBarbados
72%
AsiaBahrain
72%
South AmericaPeru
72%
North AmericaGrenada
68%
OceaniaSamoa
68%
EuropeBelgium
67%
EuropeMalta
64%
North AmericaDominica
62%
OceaniaF.S. Micronesia
62%
AfricaD.R. Congo
59%
AfricaSao Tome and Principe
56%
AsiaJordan
54%
AfricaRep. Congo
46%
AsiaIraq
41%
AsiaSyria
35%

Score Distribution

Percentile by Number Answered

Percent of People with Each Score

Your Score History

You have not taken this quiz since the last reset